Catalog

Record Details

Catalog Search



Irish parade murder  Cover Image Book Book

Irish parade murder / Leslie Meier.

Meier, Leslie, (author.).

Summary:

When a brash new reporter is implicated in the murder of a corrections officer, Lucy Stone uncovers a bizarre mystery while interviewing a stranger whose revelations change everything for Lucy's family.

Record details

  • ISBN: 9781496710390
  • ISBN: 1496710398
  • Physical Description: 278 pages ; 22 cm.
  • Edition: First Kensington hardcover edition.
  • Publisher: New York, NY : Kensington Publishing Corp., [2021]
Subject: Stone, Lucy (Fictitious character) > Fiction.
Women private investigators > Fiction.
Murder > Investigation > Fiction.
Islands > Maine > Fiction.
Maine > Fiction.
Genre: Detective and mystery fiction.
Cozy mysteries.
Novels.

Available copies

  • 1 of 1 copy available at scottsboropl.

Holds

  • 0 current holds with 1 total copy.
Show Only Available Copies
Location Call Number / Copy Notes Barcode Shelving Location Status Due Date
scottsboropl F Mei 32269001160293 Adult - Fiction Available -

LDR 02006cam a2200505Ii 4500
001154973
003SBPL
00520210122185256.0
008210113s2021 nyu e 000 1 eng d
020 . ‡a9781496710390 ‡q(hardcover)
020 . ‡a1496710398 ‡q(hardcover)
035 . ‡a(OCoLC)1230505555
05014. ‡aPS3563.E3455 ‡bI75 2021
08204. ‡a813/.54 ‡223
1001 . ‡aMeier, Leslie, ‡eauthor.
24510. ‡aIrish parade murder / ‡cLeslie Meier.
250 . ‡aFirst Kensington hardcover edition.
264 1. ‡aNew York, NY : ‡bKensington Publishing Corp., ‡c[2021]
264 4. ‡c©2021
300 . ‡a278 pages ; ‡c22 cm.
336 . ‡atext ‡btxt ‡2rdacontent
337 . ‡aunmediated ‡bn ‡2rdamedia
338 . ‡avolume ‡bnc ‡2rdacarrier
4901 . ‡aA Lucy Stone mystery
520 . ‡aWhen a brash new reporter is implicated in the murder of a corrections officer, Lucy Stone uncovers a bizarre mystery while interviewing a stranger whose revelations change everything for Lucy's family.
650 0. ‡aStone, Lucy (Fictitious character) ‡vFiction.
650 0. ‡aWomen private investigators ‡vFiction.
650 0. ‡aMurder ‡xInvestigation ‡vFiction.
650 0. ‡aIslands ‡zMaine ‡vFiction.
651 0. ‡aMaine ‡vFiction.
655 7. ‡aDetective and mystery fiction. ‡2lcgft
655 7. ‡aCozy mysteries. ‡2lcgft
655 7. ‡aNovels. ‡2lcgft
8001 . ‡aMeier, Leslie. ‡tLucy Stone mystery.
901 . ‡a154973 ‡b ‡c154973 ‡tbiblio

Additional Resources